000 00562nam a2200229Ia 4500
003 OSt
005 20220924113105.0
006 a|||||r|||| 00| 0
007 ta
008 220923b |||||||| |||| 00| 0 eng d
024 _a58107
037 _cDictionary
040 _aARTS
_cARTS
_beng
041 _2eng
_aeng
082 _aP158A:4k, 111G3
100 _aHaralu
_9169453
245 0 _aAngami English dictionary
260 _c1933
650 _aLINGUISTICS
942 _hP158A:4k, 111G3
_cdic
_2cc
999 _c389203
_d389203